00561nam a22001451i 4500001000700000003000900007005001700016008004100033080002600074100004500100245014300145260005300288300002200341852005200363183155ES-MaACL20250904063110.0140127s1972 ag |||| | spa d a821.134.2(861)-32"19"1 aGarcía Márquez, Gabriel, d1927-201413aLa increible y triste historia de la cándida Eréndira y de su abuela desalmada b: siete cuentos / c[por] Gabriel García Márquez. aBuenos Aires : bEditorial Sudamericana, c1972. a163 p. ; c20 cm. aES-MaACLjL-29971 z.- Donat. Miguel A. Velasco